Television and radio announcing / (Record no. 153097)

MARC details
000 -LEADER
fixed length control field 00689nam a22002297a 4500
005 - DATE AND TIME OF LATEST TRANSACTION
control field 20180626123312.0
008 - FIXED-LENGTH DATA ELEMENTS--GENERAL INFORMATION
fixed length control field 180626b xxu||||| |||| 00| 0 eng d
010 ## - LCCN (DPL NO)
LC control number A-945340
020 ## - INTERNATIONAL STANDARD BOOK NUMBER
International Standard Book Number 8173912785
Terms of availability 0.00
035 ## - SYSTEM CONTROL NUMBER
System control number A-945340
037 ## - SOURCE OF ACQUISITION
Source of stock number/acquisition BPPD/PUB
040 ## - CATALOGING SOURCE
Original cataloging agency dpl
Language of cataloging Eng
082 00 - DEWEY DECIMAL CLASSIFICATION NUMBER
Classification number 791.443
100 ## - MAIN ENTRY--PERSONAL NAME
Personal name Hyde, Stuart
245 10 - TITLE STATEMENT
Title Television and radio announcing /
Statement of responsibility, etc by Stuart Hyde
260 ## - PUBLICATION, DISTRIBUTION, ETC. (IMPRINT)
Place of publication, distribution, etc New Delhi
Name of publisher, distributor, etc Kanishka Publishers,Distributors
Date of publication, distribution, etc 1998
270 ## - ADDRESS
Address 4697/5-21A, Ansari Road Daryaganj
City New Delhi
Postal code 110002
300 ## - PHYSICAL DESCRIPTION
Extent xxi, 665p.
Dimensions 25cm (Hb)
Other physical details B&W photos
500 ## - GENERAL NOTE
General note Includes index
650 #0 - SUBJECT ADDED ENTRY--TOPICAL TERM
9 (RLIN) 26604
942 ## - ADDED ENTRY ELEMENTS (KOHA)
Source of classification or shelving scheme Dewey Decimal Classification
Item type English Books
Classification part 791.443
Call number suffix HYD
Holdings
Withdrawn status Lost status Source of classification or shelving scheme Damaged status Not for loan Collection code Home library Current library Date acquired Source of acquisition Cost, normal purchase price Total Checkouts Full call number Barcode Date last seen Cost, replacement price Koha item type
    Dewey Decimal Classification     Non-fiction Shahdara Branch Shahdara Branch 26/06/2018 BPPD/PUB 0.00   791.443 HYD A-945340 26/06/2018 0.00 English Books

© Delhi Public Library
Hit Counter
free hit counter